The development of domestic space in the Maltese Islands from the late Middle Ages to the second half of the twentieth century /
This study traces and analyses the evolution of domestic space in Maltese vernacular and 'polite' houses from medieval to contemporary times. The houses under review range from humble buildings of modest size, materials, and design, like farmhouses or those for the less affluent towndwelle...
المؤلف الرئيسي:
التنسيق: كتاب الكتروني
اللغة: English
منشور في:
Oxford :
Archaeopress,
[2016]
الموضوعات:
الوصول للمادة أونلاين: Login to view Source
الوسوم: إضافة وسم
رقم الطلب: NA7412.M35
| LEADER | 01765nam a2200361 i 4500 | ||
|---|---|---|---|
| 001 | EDZ0001585142 | ||
| 003 | StDuBDS | ||
| 005 | 20230412181757.0 | ||
| 006 | m|||||o||d|||||||| | ||
| 007 | cr ||||||||||| | ||
| 008 | 160816s2016 enka fo 000|0|eng|d | ||
| 020 | |a 9781784913922 (ebook) : |c No price | ||
| 040 | |a StDuBDS |b eng |c StDuBDS |e rda |e pn | ||
| 050 | 4 | |a NA7412.M35 | |
| 082 | 0 | 4 | |a 728.094585 |2 23 |
| 100 | 1 | |a Said-Zammit, George A., |e author. | |
| 245 | 1 | 4 | |a The development of domestic space in the Maltese Islands from the late Middle Ages to the second half of the twentieth century / |c George A. Said-Zammit. |
| 264 | 1 | |a Oxford : |b Archaeopress, |c [2016] | |
| 300 | |a 1 online resource : |b illustrations (colour) | ||
| 336 | |a text |2 rdacontent | ||
| 336 | |a still image |2 rdacontent | ||
| 337 | |a computer |2 rdamedia | ||
| 338 | |a online resource |2 rdacarrier | ||
| 500 | |a Previously issued in print: 2016. | ||
| 520 | 8 | |a This study traces and analyses the evolution of domestic space in Maltese vernacular and 'polite' houses from medieval to contemporary times. The houses under review range from humble buildings of modest size, materials, and design, like farmhouses or those for the less affluent towndwellers, to buildings of grand design, like townhouses and palazzi. | |
| 521 | |a Specialized. | ||
| 588 | |a Description based on online resource; title from home page (viewed on November 11, 2016). | ||
| 650 | 0 | |a Dwellings |z Malta |x History. | |
| 776 | 0 | 8 | |i Print version : |z 9781784913915 |
| 856 | 4 | 0 | |3 Archaeopress |u http://library.arce.org:8087/Archaeopress/Products/9781784913915 |
| 942 | |2 lcc |c EBOOK | ||
| 952 | |0 0 |1 0 |4 0 |6 NA7412 M35 |7 1 |9 46177 |a ARCH |b ARCH |d 2023-04-12 |l 0 |o NA7412.M35 |r 2023-04-12 00:00:00 |w 2023-04-12 |y EBOOK | ||
| 999 | |c 51835 |d 51835 | ||
